000 00606nam a2200193 a 4500
005 20210219160215.0
008 080925s2000 mx r 000 0 spa d
035 _aUPN01000160953
049 _aUNE
080 _aDO 341.16: 001 (093.2) 1973RES 92a.
110 2 _aUNESCO. Consejo Ejecutivo, 92a.; París : 1973.
245 1 0 _aActas Resumidas.
260 _aParís : UNESCO, 1973.
300 _a201 p.
500 _aIncluye texto en inglés, francés, ruso y español
690 _aAcuerdos- Consejo ejecutivo de la UNESCO
690 _aConsejo ejecutivo de la UNESCO- Acuerdos
905 _aUNESCO
999 _c133066
_d133066